Qualitative researching

Bibliographic Details
Main Author: Mason, Jennifer
Format: Book
Language:English
Published: London : Sage publications , 2002
Subjects:

MARC

LEADER 00000cam a2200000 7i4500
001 0000010572
005 20090306.0
008 090306s -uk# eng
020 |a 0761974288 
040 |a INS 
090 0 0 |a H62.   |b M2853 2002 
100 1 |a Mason, Jennifer 
245 1 0 |a Qualitative researching   |c Jennifer Mason 
260 |a London :   |b Sage publications ,   |c 2002 
300 |a viii,223 ;   |c 24cm. 
650 0 0 |a Methodology 
650 0 0 |a Research 
650 0 0 |a Social science 
999 |a 0000009740   |b BOOK   |c Open Shelf   |e Default branch 
999 |a 0000020602   |b BOOK   |c Open Shelf   |e Default branch